Event-cities 3 / (Record no. 353544)

000 -LEADER
fixed length control field 01244cam a22003374a 4500
001 - CONTROL NUMBER
control field 13674088
003 - CONTROL NUMBER IDENTIFIER
control field OSt
005 - DATE AND TIME OF LATEST TRANSACTION
control field 20180116192411.0
008 - FIXED-LENGTH DATA ELEMENTS--GENERAL INFORMATION
fixed length control field 040803s2004 maua b 000 0 eng
010 ## - LIBRARY OF CONGRESS CONTROL NUMBER
LC control number 2004056686
020 ## - INTERNATIONAL STANDARD BOOK NUMBER
International Standard Book Number 0262701103 (pbk. : alk. paper)
020 ## - INTERNATIONAL STANDARD BOOK NUMBER
International Standard Book Number 9780262701105
040 ## - CATALOGING SOURCE
Original cataloging agency DLC
Transcribing agency DLC
Modifying agency DLC
042 ## - AUTHENTICATION CODE
Authentication code pcc
050 00 - LIBRARY OF CONGRESS CALL NUMBER
Classification number NA1353.T78
Item number A35 2004
082 00 - DEWEY DECIMAL CLASSIFICATION NUMBER
Classification number 724.7
Edition number 22
100 1# - MAIN ENTRY--PERSONAL NAME
Personal name Tschumi, Bernard,
Dates associated with a name 1944-
9 (RLIN) 5915
245 10 - TITLE STATEMENT
Title Event-cities 3 /
Statement of responsibility, etc. Bernard Tschumi.
Remainder of title concept vs. context vs. content
246 3# - VARYING FORM OF TITLE
Title proper/short title Event-cities three
260 ## - PUBLICATION, DISTRIBUTION, ETC.
Place of publication, distribution, etc. Cambridge, MA :
Name of publisher, distributor, etc. MIT Press,
Date of publication, distribution, etc. c2004.
300 ## - PHYSICAL DESCRIPTION
Extent 637 p. :
Other physical details ill. ;
Dimensions 23 cm.
504 ## - BIBLIOGRAPHY, ETC. NOTE
Bibliography, etc. note Includes bibliographical (p. [628]-[636]) references.
600 10 - SUBJECT ADDED ENTRY--PERSONAL NAME
Personal name Tschumi, Bernard,
Dates associated with a name 1944-
9 (RLIN) 5916
650 10 - SUBJECT ADDED ENTRY--TOPICAL TERM
Topical term or geographic name entry element Architecture, Modern
Chronological subdivision 21st century.
9 (RLIN) 5917
650 10 - SUBJECT ADDED ENTRY--TOPICAL TERM
Topical term or geographic name entry element Architecture, Modern
Chronological subdivision 20th century.
9 (RLIN) 5918
650 10 - SUBJECT ADDED ENTRY--TOPICAL TERM
Topical term or geographic name entry element Architecture
General subdivision Philosophy.
9 (RLIN) 5919
906 ## - LOCAL DATA ELEMENT F, LDF (RLIN)
a 7
b cbc
c orignew
d 1
e ocip
f 20
g y-gencatlg
942 ## - ADDED ENTRY ELEMENTS (KOHA)
Source of classification or shelving scheme
Koha item type Book
Holdings
Withdrawn status Lost status Source of classification or shelving scheme Damaged status Not for loan Permanent Location Current Location Date acquired Total Checkouts Total Renewals Full call number Barcode Date last seen Date last checked out Copy number Cost, replacement price Price effective from Koha item type
          School of Art Design and Architecture (SADA) School of Art Design and Architecture (SADA) 08/24/2012 16 8 724.7 TSC 2004 SADA0001810 10/29/2024 10/09/2024 01 3373.00 09/10/2012 Book
© 2023 Central Library, National University of Sciences and Technology. All Rights Reserved.